000 00338nam a2200133Ia 4500
005 20260328104309.0
008 260328s9999||||xx |||||||||||||| ||und||
100 _aManferto de Fabianis, Valeria
245 0 _aVeleros /
_cValeria Manferto de Fabianis
260 _bLuppa
300 _a503 p.
650 _aARQUITECTURA CIVIL
942 _cBK
999 _c10871
_d10871